000
00305 a2200157 4500
001
158555
020
_a
040
_c
Magnum
100
_a
Almeida, Zelia
240
1
0
_a
Jornal de roma
_l
por
245
1
0
_a
Jornal de roma
362
0
_a
1899
440
1
_a
Dimensão
697
_a
COLECAO
942
_c
BK
999
_c
158555
_d
158555